| 000 | 01096nam a2200277Ia 4500 | ||
|---|---|---|---|
| 003 | OSt | ||
| 005 | 20221005111500.0 | ||
| 006 | a|||||r|||| 00| 0 | ||
| 007 | ta | ||
| 008 | 221004b |||||||| |||| 00| 0 hin d | ||
| 020 |
_a8126002557 (hbk) _c575 |
||
| 024 | _a91922 | ||
| 037 |
_b534, 19/03/2009, Vani Prakashan _cTextual |
||
| 040 |
_aCRL _cCRL _bhin |
||
| 041 |
_2hin _ahin |
||
| 082 | _aO111,3N56,1, 152N7 | ||
| 100 | _aघोष, अमिताव | ||
| 245 | 0 | _aछाया रेखा | |
| 246 | _aChhāyā rekhā | ||
| 260 |
_aनई दिल्ली _bसाहित्य अकादमी भारत _c1997 |
||
| 300 |
_a280पृ0 _ccm. |
||
| 490 | _aसाहित्य अकादमी द्वारा पुरस्कृत अंग्रेज़ी उपन्यास | ||
| 700 | _a दीक्षित, उमेश, अनु. | ||
| 942 |
_hO111,3N56,1, 152N7 _cTEXL _2cc |
||
| 999 |
_c1021978 _d1021978 |
||